000
00296nam a22001337a 4500
008
170411b xxu||||| |||| 00| 0 eng d
020
_a
08964071448
041
_a
eng
080
_a
616
100
_a
9
101
_a
SHM
245
_a
PRACTICAL FORENSIC PATOLOGY
_c
WETLI.SH.V
942
_2
udc
_c
BK
999
_c
10292
_d
10292